000
00305pam a2200133 a 4500
020
_c
041
_a
eng
082
_a
657.45
_b
HOM
100
_a
Homilton seymous .
245
_a
A Communication audit hand book
_h
Textual Documents
260
_a
London :
_b
Pitman .
300
_a
X 197 pg.
930
_a
2358
999
_c
79282
_d
79282